LIBRARY ONLINE CATALOGUE

Foundations of international marketing / (Record no. 5652)

MARC details
000 -LEADER
fixed length control field 00689nam a22002172 4500
001 - CONTROL NUMBER
control field 0000002110
005 - DATE AND TIME OF LATEST TRANSACTION
control field 20151217151840.0
008 - FIXED-LENGTH DATA ELEMENTS--GENERAL INFORMATION
fixed length control field 070402s xx 000 0 eng d
020 ## - INTERNATIONAL STANDARD BOOK NUMBER
International Standard Book Number 1861521642 :
Terms of availability KES 1,053
040 ## - CATALOGING SOURCE
Original cataloging agency KABU
Transcribing agency KABU
050 #0 - LIBRARY OF CONGRESS CALL NUMBER
Classification number HF1416
Item number .J64
100 1# - MAIN ENTRY--PERSONAL NAME
Personal name Johnston, Steve.
-- 0000151339
245 10 - TITLE STATEMENT
Title Foundations of international marketing /
Statement of responsibility, etc. Steve Johnson and Harold Beaton.
260 ## - PUBLICATION, DISTRIBUTION, ETC. (IMPRINT)
Place of publication, distribution, etc. London :
Name of publisher, distributor, etc. International Thomson Business Press,
Date of publication, distribution, etc. 1998.
300 ## - PHYSICAL DESCRIPTION
Extent xii, 249 p. ;
Dimensions 25 cm.
650 #0 - SUBJECT ADDED ENTRY--TOPICAL TERM
Topical term or geographic name as entry element Export marketing.
-- 0000151331
700 1# - ADDED ENTRY--PERSONAL NAME
Personal name Beaton, Harold.
-- 0000151340
908 ## - PUT COMMAND PARAMETER (RLIN)
Put command parameter 070402
950 ## - LOCAL HOLDINGS (RLIN)
-- 1
Holdings
Withdrawn status Lost status Source of classification or shelving scheme Not for loan Home library Current library Date acquired Total Checkouts Full call number Barcode Date last seen Date last checked out Copy number Price effective from Koha item type
    Library of Congress Classification   Kabarak, Main Campus Kabarak, Main Campus 17/12/2015 1 HF1416 .J64 C.1 001722 02/08/2024 15/07/2016 C.1 17/12/2015 General Collection